[Event "Foment Martinenc op-C 23rd"]
[Site "Barcelona"]
[Date "2023.06.10"]
[Round "8"]
[White "Negre Pipla, Josep"]
[Black "Alabart Paytubi, Josep"]
[Result "1-0"]
[WhiteElo "1478"]
[BlackElo "1308"]
[PlyCount "65"]
[EventDate "2023.04.22"]
[EventType "swiss"]
[EventRounds "9"]
[EventCountry "ESP"]
[SourceTitle "EXT 2024"]
[Source "ChessBase"]
[SourceDate "2023.10.10"]
[SourceVersion "1"]
[SourceVersionDate "2023.10.10"]
[SourceQuality "1"]

1. e4 e6 2. d4 d5 3. e5 c5 4. c3 Ne7 5. Nf3 b6 6. Na3 a5 7. Nb5 Nec6 8. Be2 Be7 9. 0-0 0-0 10. a4 f5 11. c4 Ba6 12. cxd5 exd5 13. Re1 Bxb5 14. Bxb5 Na7 15. Bd3 cxd4 16. Nxd4 Bc5 17. Be3 Bxd4 18. Bxd4 Nbc6 19. Bc2 Qc7 20. Rc1 Rae8 21. f4 Re6 22. Bb3 Rd8 23. Bf2 Rh6 24. Qf3 Qf7 25. Bxb6 Rd7 26. Bxa7 Nxa7 27. Red1 Kh8 28. Rxd5 Rc6 29. Rxc6 Nxc6 30. Rxd7 Qxd7 31. Qd5 Qa7+ 32. Kh1 h6 33. Qg8# 1-0

[Event "Foment Martinenc op-C 23rd"]
[Site "Barcelona"]
[Date "2023.05.27"]
[Round "6"]
[White "Sanchez Hernandez, Alex"]
[Black "Alabart Paytubi, Josep"]
[Result "1/2-1/2"]
[WhiteElo "1464"]
[BlackElo "1308"]
[PlyCount "44"]
[EventDate "2023.04.22"]
[EventType "swiss"]
[EventRounds "9"]
[EventCountry "ESP"]
[SourceTitle "EXT 2024"]
[Source "ChessBase"]
[SourceDate "2023.10.10"]
[SourceVersion "1"]
[SourceVersionDate "2023.10.10"]
[SourceQuality "1"]

1. e4 d6 2. d4 g6 3. Nf3 Bg7 4. Be3 e6 5. Nc3 a6 6. a4 Ne7 7. Be2 0-0 8. 0-0 b6 9. Qd2 Bb7 10. Bh6 Nd7 11. Bxg7 Kxg7 12. d5 e5 13. b4 Ng8 14. Bd3 Ndf6 15. b5 a5 16. h3 Nh5 17. g3 Bc8 18. Kg2 Qd7 19. Ng1 Ngf6 20. Rae1 Kh8 21. Qg5 Ng8 22. Be2 f6 1/2-1/2

[Event "Foment Martinenc op-C 23rd"]
[Site "Barcelona"]
[Date "2023.05.06"]
[Round "3"]
[White "Abascal Vicente, Ignacio"]
[Black "Alabart Paytubi, Josep"]
[Result "1-0"]
[WhiteElo "1532"]
[BlackElo "1308"]
[PlyCount "35"]
[EventDate "2023.04.22"]
[EventType "swiss"]
[EventRounds "9"]
[EventCountry "ESP"]
[SourceTitle "EXT 2024"]
[Source "ChessBase"]
[SourceDate "2023.10.10"]
[SourceVersion "1"]
[SourceVersionDate "2023.10.10"]
[SourceQuality "1"]

1. e4 e5 2. Nf3 Nc6 3. Bb5 f5 4. Nc3 fxe4 5. Nxe4 d6 6. 0-0 Be7 7. d4 Bd7 8. Re1 a6 9. Ba4 Nf6 10. Bb3 Na5 11. Nxf6+ Bxf6 12. dxe5 Nxb3 13. exf6+ Kf8 14. fxg7+ Kxg7 15. axb3 Rf8 16. Qd4+ Kg8 17. Bg5 Qc8 18. Re7 1-0

[Event "Roncana op-B 13th"]
[Site "Santa Eulalia de Roncana"]
[Date "2019.11.16"]
[Round "7"]
[White "Vacas Arno, Gabriel"]
[Black "Alabart Paytubi, Josep"]
[Result "1-0"]
[WhiteElo "1605"]
[BlackElo "1374"]
[PlyCount "27"]
[EventDate "2019.09.28"]
[EventType "swiss"]
[EventRounds "8"]
[EventCountry "ESP"]
[SourceTitle "CBM 193 Extra"]
[Source "ChessBase"]
[SourceDate "2020.01.31"]
[SourceVersion "1"]
[SourceVersionDate "2020.01.31"]
[SourceQuality "1"]

1. b3 Nc6 2. Bb2 Nf6 3. e3 a6 4. f4 e6 5. Nf3 h6 6. Be2 b5 7. h3 Bb7 8. d3 Be7 9. Nbd2 Nh5 10. Nf1 Bh4+ 11. Nxh4 Qxh4+ 12. Kd2 Nb4 13. Bxh5 Qxh5 14. Qxh5 1-0

[Event "Roncana op-B 13th"]
[Site "Santa Eulalia de Roncana"]
[Date "2019.10.12"]
[Round "3"]
[White "Alabart Paytubi, Josep"]
[Black "Sola Montoya, Josep"]
[Result "0-1"]
[WhiteElo "1374"]
[BlackElo "1484"]
[PlyCount "116"]
[EventDate "2019.09.28"]
[EventType "swiss"]
[EventRounds "8"]
[EventCountry "ESP"]
[SourceTitle "CBM 193 Extra"]
[Source "ChessBase"]
[SourceDate "2020.01.31"]
[SourceVersion "1"]
[SourceVersionDate "2020.01.31"]
[SourceQuality "1"]

1. d4 d5 2. e4 dxe4 3. Nc3 Nf6 4. f3 Bf5 5. fxe4 Nxe4 6. Nf3 Nxc3 7. bxc3 e6 8. Be2 Be7 9. 0-0 0-0 10. Bf4 Nd7 11. Ne5 Nf6 12. Bf3 Nd5 13. Bd2 Bg5 14. Bxd5 Bxd2 15. Bxb7 Bxc3 16. Nc6 Qd6 17. Rb1 Rad8 18. Nxd8 Bxd4+ 19. Kh1 Rxd8 20. Qf3 Bf6 21. Rfd1 Qc5 22. Rxd8+ Bxd8 23. Be4 Be7 24. Rb8+ Bf8 25. h3 g6 26. Bxf5 exf5 27. Qe2 Kg7 28. Rb5 Qa3 29. Qe5+ Kh6 30. Qe1 Qxa2 31. Rxf5 gxf5 32. Qh4+ Kg6 33. Qg3+ Kf6 34. Qc3+ Ke6 35. Qe3+ Kd7 36. Qd3+ Kc6 37. Qc3+ Kb6 38. Qd4+ Bc5 39. Qd1 Qc4 40. Qb1+ Kc6 41. Qd1 a5 42. Qf3+ Kb6 43. Qxf5 a4 44. Qf6+ Bd6 45. Qf2+ Ka6 46. Qf3 a3 47. Qa8+ Kb6 48. Qb8+ Kc6 49. Qe8+ Kb7 50. Qe1 a2 51. Qa1 Bc5 52. Qb2+ Kc6 53. Qf6+ Bd6 54. Qf3+ Kd7 55. Qf5+ Qe6 56. Qb5+ Ke7 57. Qg5+ Qf6 58. Qe3+ Kf8 0-1

[Event "Barcelona Sant Marti op-B 21st"]
[Site "Barcelona"]
[Date "2019.07.14"]
[Round "2"]
[White "Albero Figueras, Emilio"]
[Black "Alabart Paytubi, Josep"]
[Result "1-0"]
[WhiteElo "1853"]
[BlackElo "1367"]
[PlyCount "55"]
[EventDate "2019.07.13"]
[EventType "swiss"]
[EventRounds "9"]
[EventCountry "ESP"]
[SourceTitle "EXT 2020"]
[Source "ChessBase"]
[SourceDate "2019.10.17"]
[SourceVersion "1"]
[SourceVersionDate "2019.10.17"]
[SourceQuality "1"]

1. d4 d5 2. e3 Nf6 3. Bd3 g6 4. f4 Bg4 5. Nf3 Qd7 6. Nbd2 Nc6 7. a3 Qe6 8. Qe2 Bh6 9. 0-0 Ne4 10. c4 Nf6 11. h3 Bxf3 12. Qxf3 0-0-0 13. b4 dxc4 14. Bxc4 Qd6 15. Nb3 a6 16. Nc5 Nd5 17. Bb2 Kb8 18. Qe2 Na7 19. Rab1 b5 20. Bxd5 Qxd5 21. Nxa6+ Kc8 22. Rbc1 Nc6 23. Rc5 Qe6 24. Rfc1 Rd6 25. d5 Qe4 26. Rxc6 Rxc6 27. Rxc6 Bxf4 28. Qg4+ 1-0

[Event "Llinars del Valles op-B 13th"]
[Site "Llinars del Valles"]
[Date "2019.06.01"]
[Round "6"]
[White "Alabart Paytubi, Josep"]
[Black "Espadero Roda, Francesc"]
[Result "1-0"]
[WhiteElo "1335"]
[BlackElo "1464"]
[PlyCount "27"]
[EventDate "2019.03.30"]
[EventType "swiss"]
[EventRounds "8"]
[EventCountry "ESP"]
[SourceTitle "EXT 2020"]
[Source "ChessBase"]
[SourceDate "2019.10.17"]
[SourceVersion "1"]
[SourceVersionDate "2019.10.17"]
[SourceQuality "1"]

1. d4 Nf6 2. Nf3 c5 3. Nc3 d5 4. Bf4 Nc6 5. e3 h6 6. h3 Bf5 7. Bd3 Ne4 8. Bxe4 dxe4 9. Ne5 cxd4 10. Nxc6 bxc6 11. Qxd4 Qa5 12. 0-0 e6 13. Rad1 f6 14. Qd7# 1-0

[Event "Maresme op 15th"]
[Site "Maresme"]
[Date "2018.12.01"]
[Round "9"]
[White "Alabart Paytubi, Josep"]
[Black "Folch Brach, Jordi"]
[Result "0-1"]
[WhiteElo "1364"]
[BlackElo "1641"]
[PlyCount "58"]
[EventDate "2018.09.29"]
[EventType "swiss"]
[EventRounds "9"]
[EventCountry "ESP"]
[SourceTitle "EXT 2024"]
[Source "ChessBase"]
[SourceDate "2023.10.10"]
[SourceVersion "1"]
[SourceVersionDate "2023.10.10"]
[SourceQuality "1"]

1. d4 d5 2. g3 Bf5 3. Bg2 e6 4. Nf3 h6 5. a3 c5 6. 0-0 Nf6 7. Nbd2 Nbd7 8. c4 Nb6 9. Rb1 Bxb1 10. Nxb1 Nxc4 11. b3 Nb6 12. Ne5 Bd6 13. b4 cxd4 14. Qxd4 Bxe5 15. Qxe5 0-0 16. Rd1 Rc8 17. Nd2 Qc7 18. Bb2 Qxe5 19. Bxe5 Nfd7 20. Bd4 a6 21. Nb3 Nc4 22. a4 b5 23. a5 Nd6 24. Nc5 Nxc5 25. Bxc5 Rfd8 26. f3 Nb7 27. Rc1 Nxc5 28. bxc5 Rc7 29. f4 Rdc8 0-1

[Event "Maresme op 15th"]
[Site "Maresme"]
[Date "2018.10.27"]
[Round "4"]
[White "Llopis Jordan, Lluis"]
[Black "Alabart Paytubi, Josep"]
[Result "1-0"]
[WhiteElo "1645"]
[BlackElo "1364"]
[PlyCount "75"]
[EventDate "2018.09.29"]
[EventType "swiss"]
[EventRounds "9"]
[EventCountry "ESP"]
[SourceTitle "EXT 2020"]
[Source "ChessBase"]
[SourceDate "2019.10.17"]
[SourceVersion "1"]
[SourceVersionDate "2019.10.17"]
[SourceQuality "1"]

1. d4 Nf6 2. c4 g6 3. Nc3 Bg7 4. e4 d6 5. f4 0-0 6. Nf3 Nbd7 7. Be2 Ng4 8. Ng5 Nh6 9. 0-0 e5 10. d5 a5 11. Be3 exf4 12. Bxf4 Ne5 13. Rc1 Bg4 14. h3 Bxe2 15. Qxe2 Re8 16. b3 Qd7 17. Na4 f6 18. Ne6 Rxe6 19. dxe6 Qxe6 20. c5 Nef7 21. cxd6 Nxd6 22. Bxd6 cxd6 23. Qc4 Re8 24. Nc3 Qxc4 25. bxc4 Re5 26. Rfd1 Bf8 27. Rb1 Rc5 28. Rxb7 Rxc4 29. Rd3 Nf7 30. g4 Ne5 31. Rg3 Nc6 32. Rc7 Be7 33. Rc8+ Kf7 34. Rc7 Kg7 35. Nd5 Rc1+ 36. Kh2 Rc2+ 37. Rg2 Rc5 38. Nxe7 1-0

[Event "Maresme op 15th"]
[Site "Maresme"]
[Date "2018.09.29"]
[Round "1"]
[White "Gonzalez Moreno, Antoni"]
[Black "Alabart Paytubi, Josep"]
[Result "0-1"]
[WhiteElo "1706"]
[BlackElo "1364"]
[PlyCount "64"]
[EventDate "2018.09.29"]
[EventType "swiss"]
[EventRounds "9"]
[EventCountry "ESP"]
[SourceTitle "EXT 2020"]
[Source "ChessBase"]
[SourceDate "2019.10.17"]
[SourceVersion "1"]
[SourceVersionDate "2019.10.17"]
[SourceQuality "1"]

1. c4 c5 2. Nc3 Nf6 3. g3 g6 4. Bg2 Bg7 5. e3 Nc6 6. Nge2 e6 7. d4 cxd4 8. exd4 d5 9. cxd5 Nxd5 10. a3 0-0 11. 0-0 Nb6 12. d5 exd5 13. Nxd5 Be6 14. Nef4 Re8 15. Nxe6 Rxe6 16. Nxb6 Qxb6 17. Rb1 Rd8 18. Qg4 Ne5 19. Qa4 h5 20. Be3 Qc7 21. Rbc1 Nc6 22. b4 Qd7 23. Rfd1 Qe7 24. Rxd8+ Qxd8 25. Bxc6 bxc6 26. Rxc6 Re5 27. Qc2 Qd7 28. Rc7 Qd6 29. Qc4 Qd1+ 30. Kg2 Rf5 31. Qe4 Qe2 32. Rxa7 Rxf2+ 0-1

[Event "Barcelona Sant Marti op-B 20th"]
[Site "Barcelona"]
[Date "2018.07.14"]
[Round "2"]
[White "Gonzalez Canovas, Sebastian"]
[Black "Alabart Paytubi, Josep"]
[Result "1-0"]
[WhiteElo "1639"]
[BlackElo "1375"]
[PlyCount "75"]
[EventDate "2018.07.13"]
[EventType "swiss"]
[EventRounds "9"]
[EventCountry "ESP"]
[SourceTitle "EXT 2019"]
[Source "ChessBase"]
[SourceDate "2018.10.10"]
[SourceVersion "1"]
[SourceVersionDate "2018.10.10"]
[SourceQuality "1"]

1. c4 e5 2. Nc3 Nf6 3. g3 d5 4. cxd5 Nxd5 5. Bg2 Nb6 6. d3 Nc6 7. Nf3 Be7 8. 0-0 Bg4 9. Re1 0-0 10. a3 Qd7 11. b4 a6 12. Bb2 Bf6 13. Ne4 Rae8 14. Nxf6+ gxf6 15. Bc1 Re6 16. Nh4 Rd6 17. f3 Bh5 18. Bh6 Re8 19. Qc1 Kh8 20. Kh1 Rg8 21. f4 Nd4 22. Ra2 Nf5 23. Nxf5 Qxf5 24. fxe5 fxe5 25. Bd2 c6 26. Rc2 Rd4 27. Be3 Rdg4 28. Bxb6 Rxg3 29. hxg3 Rxg3 30. Rf1 Rh3+ 31. Kg1 Qg6 32. Rf2 Qg3 33. Qe3 Qh2+ 34. Kf1 Rxe3 35. Bxe3 Qg3 36. Bh6 Bg6 37. Rc4 Qg4 38. Rxg4 1-0

[Event "Maresme op 14th"]
[Site "Maresme"]
[Date "2017.10.21"]
[Round "3"]
[White "De Lomas Busquets, Biel"]
[Black "Alabart Paytubi, Josep"]
[Result "1-0"]
[WhiteElo "1037"]
[BlackElo "1317"]
[PlyCount "85"]
[EventDate "2017.09.30"]
[EventType "swiss"]
[EventRounds "9"]
[EventCountry "ESP"]
[SourceTitle "CBM 181 Extra"]
[Source "ChessBase"]
[SourceDate "2017.12.12"]
[SourceVersion "1"]
[SourceVersionDate "2017.12.12"]
[SourceQuality "1"]

1. e4 e6 2. d4 d5 3. exd5 exd5 4. Nc3 Nf6 5. Nf3 Be7 6. Bb5+ c6 7. Bd3 Be6 8. 0-0 Nbd7 9. Bg5 h6 10. Bf4 Nb6 11. Re1 0-0 12. Ne5 Bd6 13. Qf3 Bxe5 14. dxe5 Nh7 15. Qg3 Kh8 16. Ne2 d4 17. Qf3 Bd5 18. Qh5 Qe8 19. Qf5 g6 20. Qg4 Be6 21. Qg3 h5 22. Nxd4 Nd5 23. Bh6 Rg8 24. c4 Ne7 25. Nxe6 fxe6 26. Bg5 Nxg5 27. Qxg5 Rg7 28. Re3 Qg8 29. Rh3 Rh7 30. Rf1 Rf8 31. Rd1 Qf7 32. Rf3 Qg7 33. Rxf8+ Qxf8 34. Bxg6 Qg7 35. Rd8+ Ng8 36. Qf6 Rh6 37. Qxg7+ Kxg7 38. Bd3 h4 39. Rd7+ Kf8 40. Rxb7 Rh5 41. f4 Nh6 42. Rh7 a5 43. Be2 1-0

[Event "Mataro Maresme op-B 13th"]
[Site "Mataro"]
[Date "2016.11.19"]
[Round "7"]
[White "Sanchez Saez, Salvador"]
[Black "Alabart Paytubi, Josep"]
[Result "1-0"]
[WhiteElo "1613"]
[BlackElo "1376"]
[PlyCount "91"]
[EventDate "2016.10.08"]
[EventType "swiss"]
[EventRounds "9"]
[EventCountry "ESP"]
[SourceTitle "EXT 2018"]
[Source "ChessBase"]
[SourceDate "2017.10.13"]
[SourceVersion "1"]
[SourceVersionDate "2017.10.13"]
[SourceQuality "1"]

1. e4 e6 2. Nf3 d5 3. exd5 exd5 4. d4 Nc6 5. Bb5 Bd7 6. Nc3 Bb4 7. a3 Qe7+ 8. Qe2 Qxe2+ 9. Bxe2 Bxc3+ 10. bxc3 a6 11. Bf4 Rc8 12. Rb1 Na5 13. 0-0 Nf6 14. Rfe1 0-0 15. Bd3 h6 16. Ne5 Be6 17. Re3 Nh5 18. Bg3 Nxg3 19. Rxg3 Rce8 20. f4 b5 21. f5 Bc8 22. f6 g5 23. h4 g4 24. Nxg4 Bxg4 25. Rxg4+ Kh8 26. Rg7 Nb7 27. Rf1 Nd8 28. Rf3 Re4 29. Bxe4 dxe4 30. Re3 Rg8 31. Rxg8+ Kxg8 32. Rxe4 Ne6 33. Kf2 c6 34. Kf3 Kh7 35. Rg4 Kh8 36. Ke3 Nc7 37. Kd3 Nd5 38. c4 bxc4+ 39. Kd2 Nxf6 40. Rf4 Kg7 41. Rf5 Nd5 42. Rf1 Nf6 43. Re1 Kf8 44. Kc3 Nd5+ 45. Kxc4 a5 46. Kc5 1-0

[Event "Mataro op 12th"]
[Site "Mataro"]
[Date "2015.10.31"]
[Round "5.15"]
[White "Salicru Pages, Francesc Xavier"]
[Black "Alabart Paytubi, Josep"]
[Result "1-0"]
[WhiteElo "1748"]
[BlackElo "1817"]
[PlyCount "67"]
[EventDate "2015.10.03"]
[EventType "swiss"]
[EventRounds "9"]
[EventCountry "ESP"]
[SourceTitle "EXT 2024"]
[Source "ChessBase"]
[SourceDate "2023.10.10"]
[SourceVersion "1"]
[SourceVersionDate "2023.10.10"]
[SourceQuality "1"]

1. b3 d5 2. Bb2 Bg4 3. g3 c6 4. Bg2 Nd7 5. Nf3 e6 6. 0-0 Be7 7. Bxg7 Bf6 8. Bxh8 Bxh8 9. d4 Qc7 10. Qd3 Bf5 11. Qd2 0-0-0 12. Nc3 Ngf6 13. Ng5 Rf8 14. e4 Bg6 15. e5 Ne8 16. a4 Ng7 17. a5 f5 18. exf6 Rxf6 19. a6 b6 20. Rfe1 h6 21. Nf3 Bf5 22. Ne5 Ne8 23. Na4 Bg7 24. c4 Nxe5 25. dxe5 Rf7 26. f4 Re7 27. Rac1 Be4 28. cxd5 Bxd5 29. Bxd5 Rd7 30. Rxc6 Qxc6 31. Bxc6 Rxd2 32. Bxe8 Kd8 33. Bh5 Ke7 34. Rc1 1-0

[Event "Mataro op 12th"]
[Site "Mataro"]
[Date "2015.10.17"]
[Round "3.13"]
[White "Alabart Paytubi, Josep"]
[Black "Malea Collado, Francesc"]
[Result "1/2-1/2"]
[WhiteElo "1817"]
[BlackElo "1700"]
[PlyCount "37"]
[EventDate "2015.10.03"]
[EventType "swiss"]
[EventRounds "9"]
[EventCountry "ESP"]
[SourceTitle "EXT 2024"]
[Source "ChessBase"]
[SourceDate "2023.10.10"]
[SourceVersion "1"]
[SourceVersionDate "2023.10.10"]
[SourceQuality "1"]

1. e4 e5 2. Nf3 Nc6 3. Bb5 Nf6 4. 0-0 d5 5. d3 d4 6. Nxe5 Qd6 7. Nf3 a6 8. Bc4 b5 9. Bb3 Na5 10. h3 c5 11. Bxf7+ Kxf7 12. e5 Qc6 13. exf6 Qxf6 14. Bg5 Qf5 15. Re1 Bd6 16. Qe2 Be6 17. Nh4 Qd5 18. Qf3+ Qxf3 19. Nxf3 1/2-1/2

[Event "Mataro op 11th"]
[Site "Mataro"]
[Date "2014.11.15"]
[Round "8"]
[White "Alabart Paytubi, Josep"]
[Black "Barco Garcia, Pedro"]
[Result "1/2-1/2"]
[WhiteElo "1751"]
[BlackElo "1780"]
[PlyCount "47"]
[EventDate "2014.09.27"]
[EventType "swiss"]
[EventRounds "9"]
[EventCountry "ESP"]
[SourceTitle "EXT 2016"]
[Source "ChessBase"]
[SourceDate "2015.10.08"]
[SourceVersion "1"]
[SourceVersionDate "2015.10.08"]
[SourceQuality "1"]

1. Nf3 Nf6 2. b3 g6 3. Bb2 Bg7 4. g3 b6 5. Bg2 Bb7 6. c4 d6 7. d3 e5 8. Nbd2 c5 9. e4 Nc6 10. a3 Bc8 11. Nf1 0-0 12. Ne3 Nd4 13. Nxd4 exd4 14. Nd5 Nxd5 15. cxd5 Qe8 16. Bc1 Ba6 17. Bf4 Rd8 18. f3 Qb5 19. Bf1 h6 20. h4 Qe8 21. g4 Bb7 22. Be2 Kh7 23. Qd2 Qb5 24. Qc2 1/2-1/2

[Event "Mataro op 11th"]
[Site "Mataro"]
[Date "2014.10.18"]
[Round "4"]
[White "Casamayor Alentorn, Oscar"]
[Black "Alabart Paytubi, Josep"]
[Result "0-1"]
[WhiteElo "1702"]
[BlackElo "1751"]
[PlyCount "68"]
[EventDate "2014.09.27"]
[EventType "swiss"]
[EventRounds "9"]
[EventCountry "ESP"]
[SourceTitle "EXT 2016"]
[Source "ChessBase"]
[SourceDate "2015.10.08"]
[SourceVersion "1"]
[SourceVersionDate "2015.10.08"]
[SourceQuality "1"]

1. e4 e6 2. d4 d5 3. e5 c5 4. Nf3 Qb6 5. c4 cxd4 6. cxd5 exd5 7. Nxd4 Bc5 8. Be3 Qxb2 9. Nc2 Bxe3 10. fxe3 Qxe5 11. Bb5+ Bd7 12. Bxd7+ Nxd7 13. 0-0 Ngf6 14. Nd2 0-0 15. Nd4 Qxe3+ 16. Kh1 Qxd4 17. Rb1 b6 18. Qc2 Ng4 19. Nf3 Qf6 20. Qa4 Ne3 21. Qxd7 Nxf1 22. Rxf1 g5 23. Qxd5 h6 24. g3 g4 25. Nd2 Qd8 26. Rf5 Qxd5+ 27. Rxd5 Rfd8 28. Rxd8+ Rxd8 29. Ne4 f5 30. Nf6+ Kf7 31. Nh5 Rd1+ 32. Kg2 Rd2+ 33. Kh1 Rxa2 34. h4 b5 0-1

[Event "Mataro op 11th"]
[Site "Mataro"]
[Date "2014.10.11"]
[Round "3"]
[White "Fernandez Arroyo, Andrea"]
[Black "Alabart Paytubi, Josep"]
[Result "1-0"]
[WhiteElo "1710"]
[BlackElo "1751"]
[PlyCount "67"]
[EventDate "2014.09.27"]
[EventType "swiss"]
[EventRounds "9"]
[EventCountry "ESP"]
[SourceTitle "EXT 2016"]
[Source "ChessBase"]
[SourceDate "2015.10.08"]
[SourceVersion "1"]
[SourceVersionDate "2015.10.08"]
[SourceQuality "1"]

1. e4 e6 2. d3 d5 3. Nd2 c5 4. Ngf3 Nc6 5. g3 Bd6 6. c3 Nf6 7. Bg2 0-0 8. 0-0 Re8 9. Re1 Bc7 10. Qe2 b6 11. e5 Nd7 12. Nf1 Ndxe5 13. Nxe5 Nxe5 14. f4 Nd7 15. c4 Bb7 16. b3 a5 17. Bb2 Nf6 18. Ne3 Rb8 19. d4 h6 20. Ng4 Nxg4 21. Qxg4 Qf6 22. Rad1 Ba8 23. Ba1 Qf5 24. Qxf5 exf5 25. Rxe8+ Rxe8 26. dxc5 bxc5 27. Bxd5 Bxd5 28. cxd5 Re4 29. d6 Bxd6 30. Bc3 Bc7 31. Rd5 g6 32. Rd7 Bb6 33. Rb7 Re6 34. Rb8+ 1-0

[Event "Llinars del Valles op-B 8th"]
[Site "Llinars del Valles"]
[Date "2014.05.31"]
[Round "5"]
[White "Feliu Paradeda, Marta"]
[Black "Alabart Paytubi, Josep"]
[Result "1-0"]
[WhiteElo "1795"]
[BlackElo "1748"]
[PlyCount "117"]
[EventDate "2014.04.26"]
[EventType "swiss"]
[EventRounds "8"]
[EventCountry "ESP"]
[SourceTitle "EXT 2015"]
[Source "ChessBase"]
[SourceDate "2014.11.20"]
[SourceVersion "1"]
[SourceVersionDate "2014.11.20"]
[SourceQuality "1"]

1. e4 e6 2. d3 d5 3. Nd2 c5 4. Ngf3 Nc6 5. g3 Bd6 6. Bg2 Nf6 7. 0-0 0-0 8. Re1 dxe4 9. Nxe4 Be7 10. Bg5 Nxe4 11. Bxe7 Qxe7 12. Rxe4 b6 13. Qd2 Bb7 14. Rae1 Nd8 15. Rg4 Bxf3 16. Bxf3 Rc8 17. Rh4 f5 18. Qe3 Qf6 19. c3 Re8 20. Ra4 Re7 21. d4 Rcc7 22. dxc5 Rxc5 23. Rd4 Nf7 24. Qd2 Re8 25. Kg2 Rd8 26. Rxd8+ Qxd8 27. Rxe6 Kf8 28. Qxd8+ Nxd8 29. Rd6 Ke7 30. Rd4 Ne6 31. Rd3 f4 32. Bg4 g5 33. Bxe6 Kxe6 34. gxf4 gxf4 35. Rd4 Rg5+ 36. Kf3 a5 37. Rxf4 Rb5 38. Re4+ Kf6 39. b3 Rd5 40. Rd4 Re5 41. Rd6+ Kg5 42. Rxb6 Rf5+ 43. Kg2 Kf4 44. Rh6 Rg5+ 45. Kf1 Rg7 46. Rh5 Rd7 47. Rxa5 Kf3 48. Rf5+ Ke4 49. Rg5 Kf3 50. Rg3+ Kf4 51. Ke2 h5 52. c4 h4 53. Rf3+ Kg4 54. b4 Rd4 55. Rc3 Re4+ 56. Kf1 Rd4 57. a3 Kf4 58. c5 Kf5 59. c6 1-0